| 000 -LEADER |
| fixed length control field |
01061nam a22002177a 4500 |
| 003 - CONTROL NUMBER IDENTIFIER |
| control field |
OSt |
| 005 - DATE AND TIME OF LATEST TRANSACTION |
| control field |
20260122193931.0 |
| 008 - FIXED-LENGTH DATA ELEMENTS--GENERAL INFORMATION |
| fixed length control field |
230226b ||||| |||| 00| 0 eng d |
| 040 ## - CATALOGING SOURCE |
| Transcribing agency |
Ost |
| 041 ## - LANGUAGE CODE |
| Language code of text/sound track or separate title |
Shan |
| 082 ## - DEWEY DECIMAL CLASSIFICATION NUMBER |
| Classification number |
294.309 |
| 100 ## - MAIN ENTRY--PERSONAL NAME |
| Personal name |
ၸၢၼ်ႇတႃႇဝရ |
| Dates associated with a name |
ၸဝ်ႈ |
| 245 ## - TITLE STATEMENT |
| Title |
သိူၵ်ႈပိုၼ်းတၢင်ႇသင်ႇၵႃႇယၼႃႇ |
| Statement of responsibility, etc. |
ၸဝ်ႈၸၢၼ်ႇတႃႇဝရ |
| Number of part/section of a work |
ၽိင်ႈငႄႈပုတ်ႉထၽႃႇသႃႇတွႆး၊ 15 |
| 260 ## - PUBLICATION, DISTRIBUTION, ETC. |
| Place of publication, distribution, etc. |
တူၼ်ႈတီး |
| Name of publisher, distributor, etc. |
ဝိၼ်းၵွမ်ႇပျူႇတႃႇ |
| Date of publication, distribution, etc. |
2013 |
| 300 ## - PHYSICAL DESCRIPTION |
| Extent |
င၊ 120 ၼႃႈ |
| Other physical details |
ႁၢင်ႈ (သီ) |
| Dimensions |
20 ၸိၼ်ႇထီႇ |
| 500 ## - GENERAL NOTE |
| General note |
S-SAT: Dr. Prof Sai Aung Tun |
|
| General note |
ပဵၼ်ပပ်ႉၸဝ်ႈတႃႇၸဝ်ႈတႃႇၼႁင်းၶေႃ ၶွင်တွၵ်ႉတိူဝ်ႇၸၢႆးဢွင်ႇထုၼ်း |
| 650 ## - SUBJECT ADDED ENTRY--TOPICAL TERM |
| Topical term or geographic name entry element |
ပိုၼ်းပုတ်ႉထၽႃႇသႃႇ |
| 942 ## - ADDED ENTRY ELEMENTS (KOHA) |
| Koha item type |
Book (Short term) |
| 100 ## - MAIN ENTRY--PERSONAL NAME |
| 9 (RLIN) |
20666 |
| 650 ## - SUBJECT ADDED ENTRY--TOPICAL TERM |
| 9 (RLIN) |
20669 |
|
| Source of classification or shelving scheme |
|